[Event "San Antonio City Championship"]
[Date "2005.07.23"]
[Round "1"]
[White "Liu, Matthew"]
[Black "Rohrbaugh, James"]
[Result "1/2-1/2"]
[WhiteElo "1552"]
[BlackElo "2200"]
[PlyCount "41"]
[EventDate "2005.07.31"]

1. e4 e6 2. d4 d5 3. exd5 exd5 4. Bf4 Nf6 5. Bd3 c5 6. dxc5 Bxc5 7. Qe2+ Be6 8.
Nf3 O-O 9. O-O Nc6 10. c3 Re8 11. Qc2 h6 12. h3 Nh5 13. Bh2 Qf6 14. Nbd2 Nf4
15. Bb5 a6 16. Ba4 Bf5 17. Qb3 Bd3 18. Qxb7 Bxf1 19. Qxc6 Bb5 20. Qxf6 (20. Bxb5
Bf2 + 21. Kf1 (21. Kxf2 axb5 22. Qxf6 Nd3+ 23. Kg1 gxf6 24. Nd4 Nxb2 25. Nxb5
+/-) 21... axb5 22. Qxf6 gxf6 23. Bxf4 Bb6 24. Bxh6 +/-) 20... Ne2+ 21. Kf1
1/2-1/2

[Event "San Antonio City Championship"]
[Date "2005.07.23"]
[Round "1"]
[White "Silva, Jose Luis"]
[Black "Scott, Wendle"]
[Result "1-0"]
[WhiteElo "2196"]
[BlackElo "1535"]
[PlyCount "79"]

1. d4 Nf6 2. c4 e6 3. Nc3 d5 4. Bg5 Be7 5. e3 O-O 6. Qc2 h6 7. Bh4 Nbd7 8. Nf3
c5 9. Rd1 Re8 10. Be2 Qc7 11. O-O Bd6 12. Nb5 Qc6 13. Bxf6 Nxf6 14. cxd5 exd5
15. Nxd6 Qxd6 16. dxc5 Qc7 17. h3 b6 18. c6 a5 19. Nd4 Ba6 20. Bxa6 Rxa6 21.
Nb5 Qe7 22. c7 Raa8 23. Qc6 Qe6 24. Qxe6 Rxe6 25. Rc1 Ree8 26. Nd6 Rec8 27.
Nxc8 Rxc8 28. Rc6 Nd7 29. Rfc1 Nc5 30. Rxb6 Rxc7 31. Rb8+ Kh7 32. Rb5 Ne6 33.
Rxc7 Nxc7 34. Rc5 Na6 35. Rxa5 Nb4 36. a3 Nd3 37. Rb5 Kg6 38. a4 Kf6 39. a5 Ke6
40. a6 1-0

[Event "San Antonio City Championship"]
[Date "2005.07.23"]
[Round "2"]
[White "Medina, Guillermo"]
[Black "Patty, John"]
[Result "0-1"]
[WhiteElo "1730"]
[BlackElo "2204"]
[PlyCount "34"]

1. e4 e6 2. Nf3 d5 3. e5 c5 4. Bb5+ Nc6 5. c3 Qb6 6. Bxc6+ bxc6 7. d4 Ba6 8.
Be3 Qxb2 9. Nbd2 cxd4 10. Nxd4 Rc8 11. Qb3 Qxa1+ 12. Nb1 Bc4 13. Qb7 Ne7 14.
Bg5 Qxa2 15. Bxe7 Ba6 16. Qb3 Qxb3 17. Nxb3 Bxe7 0-1

[Event "San Antonio City Championship"]
[Date "2005.07.23"]
[Round "2"]
[White "Reid, Paul"]
[Black "Silva, Jose Luis"]
[Result "0-1"]
[WhiteElo "1723"]
[BlackElo "2196"]
[PlyCount "64"]

1. c4 Nf6 2. g3 g6 3. Bg2 Bg7 4. Nc3 c5 5. Nf3 O-O 6. O-O Nc6 7. d3 d6 8. h3
Rb8 9. Be3 a6 10. a4 Bf5 11. d4 Ne4 12. g4 cxd4 13. Nxd4 Nxc3 14. bxc3 Bd7 15.
Nxc6 bxc6 16. Bd4 Bh6 17. f4 c5 18. g5 cxd4 19. gxh6 dxc3 20. Qd4 Qb6 21. c5
Qxc5 22. Qxc5 dxc5 23. Rfc1 Rfc8 24. Rxc3 Be6 25. Rd1 f5 26. Bd5 Bxd5 27. Rxd5
Rb4 28. e3 c4 29. Re5 Kf7 30. a5 Rb5 31. Kf2 Rxe5 32. fxe5 Ke6 0-1

[Event "San Antonio City Championship"]
[Date "2005.07.23"]
[White "Eckert, Allen"]
[Black "Tia, Rudy"]
[Result "0-1"]
[WhiteElo "1700"]
[BlackElo "2099"]
[PlyCount "58"]

1. d4 d6 2. e4 Nf6 3. Nc3 g6 4. f4 Bg7 5. Nf3 O-O 6. Be2 c5 7. dxc5 Qa5 8. O-O
Qxc5+ 9. Kh1 Nbd7 10. Nd2 a6 11. Nb3 Qc7 12. Be3 b5 13. a3 Bb7 14. Bf3 Rac8 15.
Qd2 Nb6 16. Bxb6 Qxb6 17. Rae1 e5 18. f5 gxf5 19. exf5 d5 20. Nxd5 Nxd5 21.
Bxd5 Bxd5 22. Qxd5 Rxc2 23. Qf3 f6 24. Nc1 Qc6 25. Qxc6 Rxc6 26. Nd3 Bh6 27.
Nb4 Rd6 28. g4 a5 29. Na2 Rd2 0-1

[Event "San Antonio City Championship"]
[Date "2005.07.23"]
[Round "2"]
[White "Huddleston, Doug"]
[Black "Carrizales, Juan"]
[Result "0-1"]
[WhiteElo "2077"]
[BlackElo "1642"]
[PlyCount "56"]

1. e4 d6 2. d4 Nf6 3. Nc3 g6 4. f4 Bg7 5. Nf3 O-O 6. Be2 c5 7. dxc5 Qa5 8. O-O
Qxc5+ 9. Kh1 Nc6 10. Nd2 Nd4 11. Nb3 Nxb3 12. axb3 b5 13. Qd3 b4 14. Be3 Qc7
15. Nb5 Qc6 16. Nxa7 Qxe4 17. Qxe4 Nxe4 18. Nc6 Rxa1 19. Rxa1 Bxb2 20. Ra8 Bb7
21. Rxf8+ Kxf8 22. Nxb4 d5 23. Bb5 d4 24. Nd3 dxe3 25. Nxb2 Nc3 26. Ba4 Be4 27.
Kg1 Bxc2 28. b4 Nxa4 0-1

[Event "San Antonio City Championship"]
[Date "2005.07.23"]
[Round "2"]
[White "Hyltin, J.P.."]
[Black "Pemberton, Cody"]
[Result "1/2-1/2"]
[WhiteElo "2038"]
[BlackElo "1641"]
[PlyCount "21"]

1. d4 d5 2. c4 Nc6 3. cxd5 Qxd5 4. e3 e5 5. Nc3 Bb4 6. Bd2 Bxc3 7. Bxc3 exd4 8.
Ne2 Bg4 9. f3 Bxf3 10. Bxd4 Nxd4 11. Qxd4 1/2-1/2

[Event "San Antonio City Championship"]
[Date "2005.07.23"]
[Round "2"]
[White "Burnside, James"]
[Black "Dike, Dale"]
[Result "0-1"]
[WhiteElo "1647"]
[BlackElo "2000"]
[PlyCount "58"]

1. Nf3 Nf6 2. b3 g6 3. Bb2 Bg7 4. e3 O-O 5. Be2 d6 6. d4 c6 7. O-O Nbd7 8. Nbd2
Qc7 9. c4 e5 10. dxe5 Nxe5 11. Nxe5 dxe5 12. Qc2 Bf5 13. Bd3 Bxd3 14. Qxd3 Rfd8
15. Qc2 Nd7 16. Rad1 Nc5 17. b4 Ne6 18. c5 a5 19. a3 axb4 20. axb4 b6 21. Ne4
bxc5 22. bxc5 Rd5 23. Rc1 f5 24. Nc3 Rxc5 25. Qb3 Re8 26. Ba3 Ra5 27. Bb4 Qb7
28. Na4 Rb5 29. Rb1 Bf8 0-1

[Event "San Antonio City Championship"]
[Date "2005.07.23"]
[Round "3"]
[White "Patty, John"]
[Black "Huddleston, Doug"]
[Result "1/2-1/2"]
[WhiteElo "2204"]
[BlackElo "2077"]
[PlyCount "31"]

1. d4 g6 2. e4 Bg7 3. Nc3 d6 4. g3 Nc6 5. Be3 Nf6 6. h3 O-O 7. Nge2 b5 8. Bg2
e5 9. d5 Nd4 10. Nxd4 exd4 11. Bxd4 b4 12. Ne2 Re8 13. O-O 13... Nxe4 14. Bxg7 Kxg7 15. Qd4+ Qf6 16.
Qxf6+ 1/2-1/2

[Event "San Antonio City Championship"]
[Date "2005.07.23"]
[Round "3"]
[White "Silva, Jose Luis"]
[Black "Schwartz, Daniel"]
[Result "1-0"]
[WhiteElo "2196"]
[BlackElo "1349"]
[PlyCount "59"]

1. d4 Nf6 2. c4 e6 3. Nc3 Bb4 4. f3 d5 5. Bg5 O-O 6. e4 dxe4 7. fxe4 h6 8. Bxf6
Qxf6 9. Nf3 Nc6 10. Be2 Qg6 11. Qc2 Bxc3+ 12. bxc3 f6 13. O-O-O e5 14. d5 Nb8
15. g4 c5 16. Rdg1 Qf7 17. h4 g6 18. Qd2 Kh7 19. g5 h5 20. Rf1 Qg7 21. gxf6
Rxf6 22. Ng5+ Kg8 23. Rxf6 Qxf6 24. Rf1 Qg7 25. d6 Bd7 26. Qd5+ Kh8 27. Rf7 Bc6
28. Rxg7 Bxd5 29. Rh7+ Kg8 30. exd5 1-0

[Event "San Antonio City Championship"]
[Date "2005.07.23"]
[Round "3"]
[White "Dike, Dale"]
[Black "Vergara, Mitch"]
[Result "0-1"]
[WhiteElo "2123"]
[BlackElo "2000"]
[PlyCount "44"]

1. e4 c6 2. d3 d5 3. Nd2 dxe4 4. dxe4 Nf6 5. g3 Bg4 6. Ngf3 Nbd7 7. h3 Bxf3 8.
Qxf3 e5 9. Bg2 Be7 10. O-O O-O 11. a4 Qc7 12. Nc4 Rfd8 13. b3 h6 14. Bb2 Re8
15. Rfe1 Rad8 16. Rad1 Bf8 17. Ne3 g6 18. Bf1 Bg7 19. Ba3 Bf8 20. Bxf8 Rxf8 21.
b4 Kg7 22. c4 Rfe8 {[time forfeit]} 0-1

[Event "San Antonio City Championship"]
[Date "2005.07.23"]
[Round "3"]
[White "Schwarz, Randall"]
[Black "Rohrbaugh, James"]
[Result "1-0"]
[WhiteElo "1908"]
[BlackElo "2200"]
[PlyCount "49"]

1. d4 d5 2. c4 e6 3. Nc3 c5 4. cxd5 exd5 5. Nf3 Nc6 6. Bg5 f6 7. Bf4 g5 8. Be3
Bg4 9. h3 Bxf3 10. exf3 Nge7 11. Bb5 Kf7 12. O-O Nf5 13. Ne2 a6 14. Ba4 b5 15.
Bc2 Nxe3 16. fxe3 c4 17. f4 h6 18. Ng3 Qe8 19. Qf3 Rd8 20. Qh5+ Kg8 21. Qg6+
Bg7 22. Nh5 Qf8 23. fxg5 Ne7 24. Qxg7+ Qxg7 25. Nxg7 1-0

[Event "San Antonio City Championship"]
[Date "2005.07.23"]
[Round "3"]
[White "McCue, Mark"]
[Black "Smith, Andrew I."]
[Result "1/2-1/2"]
[WhiteElo "1829"]
[BlackElo "2045"]
[PlyCount "61"]

1. Nf3 Nf6 2. c4 e6 3. d4 c5 4. Nc3 d5 5. cxd5 exd5 6. g3 Nc6 7. Bg2 h6 8. O-O
Be6 9. h3 a6 10. Be3 c4 11. Ne5 Bd6 12. f4 Ne7 13. g4 g6 14. Qe1 Qc8 15. Qh4
Nfg8 16. f5 gxf5 17. gxf5 Nxf5 18. Rxf5 Bxf5 19. Nxd5 Bxe5 20. Nb6 Qd8 21.
Qxd8+ Rxd8 22. dxe5 Ne7 23. Nxc4 Rg8 24. Kf2 Nd5 25. Bxd5 Rxd5 26. Nd6+ Rxd6
27. exd6 Kd7 28. Bxh6 Bxh3 29. Bf4 Rc8 30. Rc1 Rxc1 31. Bxc1 1/2-1/2

[Event "San Antonio City Championship"]
[Date "2005.07.23"]
[Round "3"]
[White "Lopez, Richard"]
[Black "Hyltin, J.P.."]
[Result "0-1"]
[WhiteElo "1650"]
[BlackElo "2038"]
[PlyCount "72"]

1. Nf3 d5 2. e4 dxe4 3. Ng5 e5 4. Nxe4 Nc6 5. Nbc3 Be7 6. Bc4 Nf6 7. Nxf6+ Bxf6
8. Ne4 Be7 9. c3 Bf5 10. Ng3 Bd3 11. Bxd3 Qxd3 12. Qe2 O-O-O 13. O-O g6 14. Re1
f5 15. b3 Rd7 16. Bb2 Qxd2 17. Nf1 Qxe2 18. Rxe2 Rhd8 19. c4 Rd1 20. Rxd1 Rxd1
21. Bxe5 Nxe5 22. Rxe5 Kd7 23. Re2 Bf6 24. Rd2+ Rxd2 25. Nxd2 Kd6 26. Kf1 Kc5
27. Nb1 Kd4 28. Ke2 Be7 29. Kd2 Bd6 30. h3 a5 31. Kc2 Bb4 32. Nd2 Bxd2 33. Kxd2
g5 34. g3 h6 35. g4 f4 36. a3 a4 0-1

[Event "San Antonio City Championship"]
[Date "2005.07.24"]
[Round "4"]
[White "Vergara, Mitch"]
[Black "Silva, Jose Luis"]
[Result "1/2-1/2"]
[WhiteElo "2123"]
[BlackElo "2196"]
[PlyCount "84"]

1. d4 Nf6 2. Nf3 c5 3. e3 b6 4. Nbd2 Bb7 5. Bd3 g6 6. b3 Bg7 7. Bb2 Nc6 8. dxc5
bxc5 9. c4 O-O 10. O-O d6 11. Rc1 a5 12. Qe2 a4 13. Bb1 axb3 14. axb3 Qb6 15.
Rfe1 Rfb8 16. h3 Na5 17. Bc2 Qb4 18. g4 Bxf3 19. Nxf3 Nxb3 20. Rb1 Ra2 21. Qd3
Nd2 22. Nxd2 Rxb2 23. Rxb2 Qxb2 24. Rb1 Nd7 25. Rxb2 Rxb2 26. Nf3 Bf6 27. h4
Rb4 28. g5 Be5 29. Kg2 Bg7 30. h5 Nb6 31. h6 Bf8 32. Nd2 d5 33. Bb3 e6 34. f4
dxc4 35. Bxc4 Rb2 36. Ba6 Nd5 37. Kf3 Nb4 38. Qd8 Rxd2 39. Qxd2 Nxa6 40. Ke4
Nb4 41. Qd7 Nd5 42. Qc8 Nb6 1/2-1/2

[Event "San Antonio City Championship"]
[Date "2005.07.24"]
[Round "4"]
[White "Patty, John"]
[Black "Tia, Rudy G."]
[Result "1/2-1/2"]
[WhiteElo "2204"]
[BlackElo "2099"]
[PlyCount "39"]

1. d4 d6 2. e4 Nf6 3. Nc3 g6 4. g3 Bg7 5. Bg2 O-O 6. Nge2 Nbd7 7. h3 c6 8. a4
e5 9. Be3 b6 10. O-O Bb7 11. Qd2 a6 12. Rad1 b5 13. Rfe1 Qc7 14. dxe5 dxe5 15.
Qd6 Rfc8 16. Qxc7 Rxc7 17. a5 Bf8 18. Nc1 Bb4 19. Nd3 Bxa5 20. b4 1/2-1/2

[Event "San Antonio City Championship"]
[Date "2005.07.24"]
[Round "4"]
[White "Grillo, Raymond"]
[Black "Dike, Dale"]
[Result "1/2-1/2"]
[WhiteElo "1596"]
[BlackElo "2000"]
[PlyCount "92"]

1. d4 Nf6 2. Nf3 g6 3. e3 Bg7 4. Be2 c5 5. c3 b6 6. Nbd2 Bb7 7. O-O O-O 8. b3
d6 9. Bb2 Nbd7 10. c4 Qc7 11. Qc2 Rac8 12. Rac1 a6 13. d5 b5 14. e4 bxc4 15.
bxc4 Rb8 16. Rb1 a5 17. Rfe1 e5 18. Bd3 Nh5 19. g3 Ndf6 20. Nf1 Rbe8 21. Ne3
Bc8 22. Bf1 Ng4 23. Nxg4 Bxg4 24. Nd2 Bh6 25. Bc3 Bd7 26. Bg2 f5 27. f3 a4 28.
Kh1 Nf6 29. Kg1 Rb8 30. Rxb8 Rxb8 31. Kh1 Rb7 32. Bh3 fxe4 33. Bxd7 Qxd7 34.
Nxe4 Nxe4 35. Qxe4 Qf5 36. Kg2 a3 37. h4 Kf7 38. Qe2 Rb1 39. g4 Rxe1 40. Bxe1
Qb1 41. g5 Bg7 42. Bc3 e4 43. Bxg7 exf3+ 44. Qxf3+ Kxg7 45. Qf6+ Kg8 46. Qe6+
Kg7 1/2-1/2

[Event "San Antonio City Championship"]
[Date "2005.07.24"]
[Round "4"]
[White "Smith, Andrew I."]
[Black "Lozano, Jesse"]
[Result "1-0"]
[WhiteElo "2045"]
[BlackElo "1679"]
[PlyCount "59"]

1. d4 Nf6 2. Nc3 c5 3. d5 e6 4. e4 exd5 5. e5 Ng8 6. Nxd5 d6 7. Bf4 Ne7 8. exd6
Nxd5 9. Qxd5 Qb6 10. O-O-O Be6 11. Qe4 Nd7 12. Bc4 O-O-O 13. Bxe6 fxe6 14. Qxe6
Kb8 15. Nf3 g5 16. Nxg5 Bg7 17. Qb3 Qc6 18. Ne6 c4 19. Qa3 Bf6 20. Nc7 c3 21.
bxc3 Bxc3 22. Rd3 Bf6 23. Be3 Nb6 24. Rhd1 Na4 25. Rb3 Bb2+ 26. Rxb2 Nxb2 27.
Bxa7+ Kc8 28. Kxb2 Qxg2 29. Bb6 Qg4 30. d7+ 1-0

[Event "San Antonio City Championship"]
[Date "2005.07.24"]
[Round "5"]
[White "Silva, Jose Luis"]
[Black "Huddleston, Doug"]
[Result "1-0"]
[WhiteElo "2196"]
[BlackElo "2077"]
[PlyCount "47"]

1. d4 g6 2. e4 Bg7 3. Nc3 d6 4. Bc4 Nf6 5. Qe2 Nc6 6. e5 Nxd4 7. exf6 Nxe2 8.
fxg7 Rg8 9. Ngxe2 Rxg7 10. Bh6 Rg8 11. O-O-O e6 12. f4 Qe7 13. Ne4 f6 14. Nd4
d5 15. Bb5+ Kf7 16. Nxf6 Qxf6 17. Nf3 Rf8 18. Ne5+ Kg8 19. h4 Qe7 20. h5 Rxf4 (
20... g5 21. Bxg5 Qc5 22. Rh4 Rf5 23. Rg4 Qxb5 24. Bh6+ Kh8 25. Bg7+ +=) 21.
Bxf4 Qb4 (21... g5 22. Bd2 Qd6 23. Rde1 Qb6 24. Bd3 +-) 22. c4 (22. Bh6 Qxb5
23. Rdf1 Bd7 24. hxg6 hxg6 25. Rf6 +-) 22... a6 23. Be8 Qf8 24. Bf7+ 1-0

[Event "San Antonio City Championship"]
[Date "2005.07.24"]
[Round "5"]
[White "Neuzil, Torey"]
[Black "Patty, John"]
[Result "1/2-1/2"]
[WhiteElo "1914"]
[BlackElo "2204"]
[PlyCount "63"]

1. d4 Nf6 2. e3 g6 3. Nd2 Bg7 4. Bd3 c5 5. c3 b6 6. Ngf3 Bb7 7. O-O O-O 8. Qe2
d6 9. Re1 Nc6 10. Ba6 Qc8 11. Bxb7 Qxb7 12. Qd3 e6 13. Ne4 d5 14. Nxf6+ Bxf6
15. Bd2 Rfd8 16. Rad1 Qc7 17. h3 Bg7 18. Bc1 c4 19. Qe2 f5 20. Nd2 a5 21. f3
Qd7 22. e4 Re8 23. e5 f4 24. Nf1 Rf8 25. Nh2 h5 26. Qf2 Rf5 27. g3 fxg3 28.
Qxg3 Qf7 29. Kh1 Kh7 30. Rg1 Bh6 31. Bxh6 Kxh6 32. Rd2 1/2-1/2

[Event "San Antonio City Championship"]
[Date "2005.07.24"]
[Round "5"]
[White "Dike, Dale"]
[Black "Carrizales, Juan"]
[Result "1/2-1/2"]
[WhiteElo "2000"]
[BlackElo "1642"]
[PlyCount "34"]

1. e4 c5 2. Nc3 d6 3. g3 Nc6 4. Bg2 Nf6 5. d3 e6 6. f4 d5 7. Nge2 d4 8. Nb1 Be7
9. h3 Bd7 10. O-O Qc7 11. Nd2 e5 12. Nf3 Bd6 13. f5 O-O-O 14. c3 h6 15. cxd4
exd4 16. Bf4 g5 17. Bxd6 Qxd6 1/2-1/2

[Event "San Antonio City Championship"]
[Date "2005.07.24"]
[Round "5"]
[White "Lopez, Richard"]
[Black "Reyes, Aaron"]
[Result "1-0"]
[WhiteElo "1650"]
[BlackElo "1293"]
[PlyCount "67"]

1. Nf3 Nf6 2. d4 e6 3. c4 Bb4+ 4. Bd2 Bxd2+ 5. Nbxd2 d5 6. e3 Nc6 7. Be2 O-O 8.
O-O Re8 9. a3 e5  10. cxd5 Nxd5 11. Nxe5 Nxe5 12. dxe5 Rxe5 13. Nf3 Re8 14. Qd4 
c6 15. Rad1 Bf5 16. Bd3 Bxd3 17. Rxd3 Qe7 18. Rfd1 a6 19. Qg4 Rad8 20. Nd4
Qf6 21. R1d2 g6 22. Qd1 Nb6 23. Qb3 c5 24. Nf3 Rxd3 25. Qxd3 Na4 26. h3 b5 27. 
b3 c4 28. Qd7 cxb3 29. Qxe8+ Kg7 30. Rd8 Kh6 31. Qf8+ Qg7 32. Qe7 f6 33. Qb4 
b2 34. Qh4# 1-0

[Event "San Antonio City Championship"]
[Date "2005.07.24"]
[Round "5"]
[White "Irwin, Phillip"]
[Black "English, Rheanna"]
[Result "1-0"]
[WhiteElo "1937"]
[BlackElo "1641"]
[PlyCount "75"]

1. Nf3 Nf6 2. c4 d6 3. b3 g6 4. Bb2 Bg7 5. g3 O-O 6. Bg2 c6 7. O-O Nbd7 8. d3
a5 9. Nbd2 Re8 10. a3 Rb8 11. b4 e5 12. Qc2 b5 13. Bc3 Ba6  14. bxa5 Nc5
15. cxb5 cxb5 16. Bb4 Rc8 17. Qa2 h6 18. Rac1 Qe7 19. Rc2 e4 20. dxe4 Ncxe4 
21. Nxe4 Nxe4 22. Nd2 Nc3 23. Qb3 Nxe2+ 24. Kh1 Bb7 25. Rxc8 Rxc8 26. Bxb7 
Qxb7+ 27. Qf3 Qxf3+ 28. Nxf3 d5 29. Rd1 d4 30. Rd2 Nc3 31. Nxd4 Ne4 32. Rc2 
Rxc2 33. Nxc2
Be5 34. f3 Nf2+ 35. Kg2 Nd3 36. a6 Bb8 37. Nd4 Ne5 38. Bd6 1-0